| 000 | 00365nam a2200145Ia 4500 | ||
|---|---|---|---|
| 008 | 230917s9999||||xx |||||||||||||| ||und|| | ||
| 040 |
_e77375 _aMAIN |
||
| 041 | _aEnglish | ||
| 082 | _a342.02 D34C | ||
| 100 | _aDe, D J | ||
| 245 | 0 | _aNew dimensions of the constitutional law | |
| 260 |
_aCalcutta _bEastern law house _c1991 |
||
| 300 | _a14, 118 p. | ||
| 942 | _cBK | ||
| 999 |
_c76474 _d76474 |
||